[Event "SN-2011-0-00351"]
[Site "LSS email"]
[Date "2011.06.16"]
[Round "?"]
[White "Mori, Roberto"]
[Black "Galvein, Prospero"]
[Result "1-0"]
[WhiteElo "684"]
[BlackElo "577"]
[PlyCount "63"]
[EventDate "2011.05.31"]
[EventType "tourn (corr)"]
[EventRounds "6"]
[EventCountry "GER"]
[SourceTitle "Telechess CBM 157"]
[Source "ChessBase"]
[SourceDate "2013.11.12"]
[SourceVersion "1"]
[SourceVersionDate "2013.11.12"]
[SourceQuality "1"]

1. e4 e5 2. Nf3 Nc6 3. Bc4 Be7 4. d3 a6 5. 0-0 d6 6. Nc3 Be6 7. Bxe6 fxe6 8. h3 d5 9. exd5 exd5 10. a3 d4 11. Ne2 Nf6 12. Bg5 0-0 13. Qd2 e4 14. Nh2 exd3 15. Qxd3 Ne5 16. Qd1 d3 17. cxd3 Nxd3 18. Rb1 Ne4 19. Bxe7 Nexf2 20. Qb3+ Rf7 21. Bxd8 Rxd8 22. Ng4 Nc5 23. Qe3 Nxg4 24. hxg4 b6 25. b4 Na4 26. Qb3 Rdf8 27. Rxf7 Rxf7 28. Qxa4 Re7 29. b5 a5 30. Rf1 Rxe2 31. Qc4+ Re6 32. Qxe6+ 1-0

[Event "SN-2011-0-00351"]
[Site "LSS email"]
[Date "2011.06.16"]
[Round "?"]
[White "Rose, Robert E"]
[Black "Galvein, Prospero"]
[Result "0-1"]
[WhiteElo "723"]
[BlackElo "577"]
[PlyCount "62"]
[EventDate "2011.05.31"]
[EventType "tourn (corr)"]
[EventRounds "6"]
[EventCountry "GER"]
[SourceTitle "Telechess CBM 157"]
[Source "ChessBase"]
[SourceDate "2013.11.12"]
[SourceVersion "1"]
[SourceVersionDate "2013.11.12"]
[SourceQuality "1"]

1. e4 e5 2. Nf3 Nf6 3. Nxe5 Qe7 4. d4 d6 5. Nf3 d5 6. e5 Ne4 7. Bd3 Nc6 8. Nbd2 f5 9. Bb5 Bd7 10. 0-0 f4 11. Nxe4 dxe4 12. Ne1 f3 13. Nxf3 exf3 14. Qxf3 Nxd4 15. Bxd7+ Qxd7 16. Qc3 Ne2+ 17. Kh1 Nxc3 18. bxc3 0-0-0 19. Bg5 Be7 20. Bxe7 Qxe7 21. Rfe1 Rhf8 22. f3 Rd2 23. Rac1 g5 24. Kg1 Qc5+ 25. Kh1 g4 26. f4 Rxf4 27. Red1 Qf2 28. Rg1 g3 29. h3 Rh4 30. e6 Rxh3+ 31. gxh3 Qh2# 0-1

[Event "SN-2011-0-00351"]
[Site "LSS email"]
[Date "2011.06.15"]
[Round "?"]
[White "Sagi, Raju"]
[Black "Galvein, Prospero"]
[Result "1-0"]
[WhiteElo "352"]
[BlackElo "577"]
[PlyCount "83"]
[EventDate "2011.05.31"]
[EventType "tourn (corr)"]
[EventRounds "6"]
[EventCountry "GER"]
[SourceTitle "Telechess CBM 157"]
[Source "ChessBase"]
[SourceDate "2013.11.12"]
[SourceVersion "1"]
[SourceVersionDate "2013.11.12"]
[SourceQuality "1"]

1. e4 e5 2. d3 Nf6 3. Nc3 Nc6 4. Nf3 Bb4 5. Bd2 d6 6. Nd5 Bxd2+ 7. Qxd2 Nd4 8. Nxd4 exd4 9. g3 Bg4 10. Be2 c6 11. Nxf6+ Qxf6 12. f4 Bxe2 13. Qxe2 0-0 14. 0-0-0 b5 15. h4 d5 16. e5 Qe7 17. h5 a5 18. a3 b4 19. a4 c5 20. b3 c4 21. h6 g6 22. dxc4 f6 23. Rxd4 Rad8 24. cxd5 fxe5 25. fxe5 Qg5+ 26. Kb1 Rde8 27. e6 Qxg3 28. e7 Rf7 29. d6 Rf2 30. d7 Kf7 31. Qe6+ Kxe6 32. dxe8Q Qg2 33. Qd7+ Kf6 34. e8Q Qxh1+ 35. Kb2 Qd1 36. Rxd1 Kg5 37. Qe3+ Rf4 38. Qd5+ Kg4 39. Qg2+ Kf5 40. Rd5+ Kf6 41. Qxf4+ Ke6 42. Qge4# 1-0

[Event "SN-2011-0-00346"]
[Site "LSS email"]
[Date "2011.06.01"]
[Round "?"]
[White "Galvein, Prospero"]
[Black "Bozic, Deni"]
[Result "0-1"]
[WhiteElo "454"]
[BlackElo "904"]
[PlyCount "154"]
[EventDate "2011.05.15"]
[EventType "tourn (corr)"]
[EventRounds "6"]
[EventCountry "GER"]
[SourceTitle "Telechess CBM 147"]
[Source "ChessBase"]
[SourceDate "2012.03.16"]
[SourceVersion "1"]
[SourceVersionDate "2012.03.16"]
[SourceQuality "1"]

1. e4 c5 2. Nc3 e6 3. Nf3 Nc6 4. d3 Nf6 5. Be2 g6 6. 0-0 Bg7 7. Bg5 0-0 8. e5 Nxe5 9. Nxe5 d6 10. Ng4 e5 11. a3 Bxg4 12. Bxg4 h6 13. Bxf6 Bxf6 14. Nd5 b6 15. Nxf6+ Qxf6 16. Qf3 Qxf3 17. Bxf3 Rad8 18. b3 Kg7 19. c4 f5 20. g3 Rde8 21. Bc6 Rc8 22. Bd7 Rc7 23. Bb5 g5 24. h3 Kf6 25. g4 fxg4 26. hxg4 Kg6 27. f3 Rcf7 28. Kg2 Ra8 29. Bc6 Rc8 30. Be4+ Kg7 31. Kg3 a6 32. a4 Rh8 33. Rh1 Ra7 34. Rh5 Re7 35. Rah1 Ree8 36. Bc6 Rc8 37. Bd7 Rc7 38. Bf5 Rb7 39. Re1 b5 40. cxb5 axb5 41. a5 Ra7 42. d4 cxd4 43. b4 Rc7 44. a6 Rc4 45. a7 Ra8 46. Ra1 Rc7 47. Be4 Raxa7 48. Ra5 Rxa5 49. bxa5 Ra7 50. f4 exf4+ 51. Kf3 Rxa5 52. Bd5 d3 53. Rh1 b4 54. Rd1 Rxd5 55. Ke4 Rc5 56. Rxd3 Re5+ 57. Kd4 Kf6 58. Rb3 d5 59. Kc5 Re3 60. Rxb4 f3 61. Rb6+ Ke5 62. Rxh6 f2 63. Rh1 Re1 64. Rh5 Kf4 65. Kxd5 f1Q 66. Rh6 Qb5+ 67. Kd4 Rc1 68. Rf6+ Kxg4 69. Ke3 Qe5+ 70. Kd2 Qb2+ 71. Ke3 Re1+ 72. Kd3 Qxf6 73. Kd2 Re7 74. Kd3 Qd6+ 75. Kc4 Rc7+ 76. Kb5 Qd8 77. Kb6 Qb8+ 0-1

[Event "SN-2011-0-00346"]
[Site "LSS email"]
[Date "2011.06.01"]
[Round "?"]
[White "Galvein, Prospero"]
[Black "Lombardi, Donato"]
[Result "1/2-1/2"]
[WhiteElo "454"]
[BlackElo "744"]
[PlyCount "102"]
[EventDate "2011.05.15"]
[EventType "tourn (corr)"]
[EventRounds "6"]
[EventCountry "GER"]
[SourceTitle "Telechess CBM 147"]
[Source "ChessBase"]
[SourceDate "2012.03.16"]
[SourceVersion "1"]
[SourceVersionDate "2012.03.16"]
[SourceQuality "1"]

1. e4 e6 2. Nf3 d5 3. exd5 exd5 4. Nc3 Nf6 5. d4 Bd6 6. Bg5 c6 7. Qe2+ Be6 8. g3 0-0 9. 0-0-0 Nbd7 10. h4 Re8 11. Qd3 h6 12. Bxh6 gxh6 13. h5 Bf8 14. Rg1 Ne4 15. Nxe4 dxe4 16. Qxe4 Bg7 17. g4 Nf6 18. Qe5 Bxg4 19. Qf4 Re4 20. Qg3 Qf8 21. Bd3 Ree8 22. Ne5 Bxd1 23. Rxd1 Nxh5 24. Qe3 c5 25. Qe4 Nf6 26. Qf5 cxd4 27. Ng4 Re4 28. Bxe4 Nxe4 29. Qxe4 f5 30. Qd5+ Qf7 31. Qxf7+ Kxf7 32. Nh2 Re8 33. c3 dxc3 34. Rd7+ Re7 35. Rxe7+ Kxe7 36. bxc3 Bxc3 37. Kc2 Be5 38. Nf3 Ke6 39. Kd3 Bf4 40. Nd4+ Ke5 41. Nf3+ Kd5 42. a4 a6 43. a5 Bc7 44. Nh4 Bxa5 45. Nxf5 h5 46. f4 Bc7 47. Ne7+ Ke6 48. Ng6 Kf5 49. Ne7+ Ke6 50. Ng6 Kf5 51. Ne7+ Ke6 1/2-1/2

[Event "ZN-2011-0-01494"]
[Site "LSS email"]
[Date "2011.05.14"]
[Round "?"]
[White "Galvein, Prospero"]
[Black "Holmquist, Marson C"]
[Result "0-1"]
[WhiteElo "468"]
[BlackElo "551"]
[PlyCount "114"]
[EventDate "2011.05.11"]
[EventType "match (corr)"]
[EventRounds "2"]
[EventCountry "GER"]
[SourceTitle "Telechess CBM 145"]
[Source "Chessbase"]
[SourceDate "2011.11.11"]
[SourceVersion "1"]
[SourceVersionDate "2011.11.11"]
[SourceQuality "1"]

1. e4 c6 2. Nc3 d5 3. d3 dxe4 4. Nxe4 Bf5 5. Nf3 Bxe4 6. dxe4 Qxd1+ 7. Kxd1 e6 8. Bf4 Nd7 9. Bd3 0-0-0 10. Ke2 Be7 11. Rhd1 Nc5 12. Rd2 Na4 13. b3 Nc3+ 14. Kf1 Nf6 15. Be5 Nfxe4 16. Bxg7 Rhg8 17. Bxc3 Nxd2+ 18. Bxd2 Bf6 19. Ba5 b6 20. Ba6+ Kb8 21. Rc1 bxa5 22. c4 c5 23. a3 Bb2 24. Rc2 Bxa3 25. Ra2 Bb4 26. Ne5 Rd1+ 27. Ke2 Re1+ 28. Kf3 Rxe5 29. g3 Rd8 30. Kg2 Rd1 31. Kf3 Rd3+ 32. Kg2 Rxb3 33. Ra1 Re2 34. Rd1 Rbb2 35. Rd8+ Kc7 36. Rc8+ Kd7 37. Kh3 Rxf2 38. Ra8 Rxh2+ 39. Kg4 h5+ 40. Kg5 a4 41. Bc8+ Kd6 42. Rxa7 Bd2+ 43. Kf6 Rg2 44. Rd7+ Kc6 45. Rxf7 Rxg3 46. Ra7 Bc3+ 47. Ke7 h4 48. Ra6+ Rb6 49. Bd7+ Kc7 50. Ra7+ Rb7 51. Rxa4 Rg7+ 52. Kxe6 Rxd7 53. Ra3 Rd6+ 54. Ke7 Kc6+ 55. Ke8 Rdd7 56. Ra8 Rh7 57. Rc8+ Kb6 0-1